000
00216nam a22000977a 4500
003
SGT
245
_a
INDIAN JOURNAL OF PATHOLOGY & MICROBIOLOGY
260
_b
INDIA WOLTER KLUWER
_c
2007
300
_a
464
942
_2
ddc
_c
BV
999
_c
19232
_d
19232